| 000 | 00517nam a2200181Ia 4500 | ||
|---|---|---|---|
| 003 | GCL | ||
| 008 | 140319s9999 xx 000 0 ara d | ||
| 040 |
_aGCL / _cGCL |
||
| 082 | 0 | 4 |
_a320.5312 _bا ح |
| 100 | 1 | _aامير اسكندر | |
| 245 | 1 | 0 |
_aحوار مع اليسار الاوربى المعاصر / _cامير اسكندر |
| 300 | _a241 ص | ||
| 490 |
_aكتاب الهلال _v0 |
||
| 650 | 0 | 4 | _aالاشتراكية |
| 650 | 0 | 4 | _aالنظم السياسية |
| 650 | 0 | 4 | _aاوربا |
| 942 |
_2ddc _cBK |
||
| 999 |
_c39398 _d39398 |
||